Statistics for Name a Valid City #1

Click here to take the quiz!

General Stats

  • This quiz has been taken 27 times
  • The average score is 7 of 15

Answer Stats

HintValid citiesAnswers% Correct
Name a city that start with R and end with H2Raleigh / Riyadh
71%
Name a city that start with V and end with E4Venice / Vientiane / Villeurbanne / Vellore
71%
Name a city that start with C and end with G5Calbayog / Chaoyang / Chifeng / Chittagong / Chongqing
63%
Name a city that start with F and end with I5Fuji / Fujimi / Fukui / Funabashi / Funafuti
63%
Name a city that start with G and end with Z2Godoy Cruz / Graz
54%
Name a city that start with M and end with L5Mariupol / Melitopol / Montreal / Montreuil / Mosul
50%
Name a city that start with L and end with L5Laval / Limassol / Liverpool / Longueuil / Lowell
46%
Name a city that start with O and end with D5Oakland / Oranjestad / Overland / Oxford / Oxnard
46%
Name a city that start with L and end with R5Lalitpur / Lancaster / Latur / Leicester / Luxor
38%
Name a city that start with O and end with K4Obninsk / Omsk / Orsk / Osijek
38%
Name a city that start with P and end with D4Palakkad / Pavlohrad / Port Said / Portland
33%
Name a city that start with P and end with M3Perm / Pforzheim / Potsdam
33%
Name a city that start with V and end with D4Valladolid / Valsad / Veliky Novgorod / Volgograd
33%
Name a city that start with R and end with S3Reims / Rennes / Roxas
25%
Name a city that start with Z and end with E5Zabrze / Zakopane / Zhangjiajie / Zhangye / Zwolle
4%

Score Distribution

Percentile by Number Answered

Percent of People with Each Score

Your Score History

You have not taken this quiz